01603nam a2200397Ia 4500001001200000003000800012006001900020007001500039008004100054020001800095020001500113040002100128035002100149050002400170245008900194246004200283246006100325260008800386300002800474500009000502504004100592533015200633650002200785650001400807650003300821650003500854650002500889650002000914650002700934655002900961710001600990710003901006710001701045856012601062999001701188ebr10252453CaPaEBRm u cr cn|||||||||080915s2008 dcua sb i000 0 eng d z9780821376096 z0821376098 aCaPaEBRcCaPaEBR a(OCoLC)29109095814aHD3612b.D65 2008eb00aDoing business 2009h[electronic resource] :bcomparing regulation in 181 economies.30aComparing regulation in 181 economies3 aComparing regulation in one hundred eighty-one economies aWashington, D.C. :bWorld Bank ;a[Basingstoke :bDistributed by Palgrave],cc2008. aix, 195 p. :bcol. ill. a"A copublication of the World Bank, International Finance Corporation, and Palgrave." aIncludes bibliographical references. aElectronic reproduction.bPalo Alto, Calif. :cebrary,d2013.nAvailable via World Wide Web.nAccess may be limited to ebrary affiliated libraries. 0aTrade regulation. 0aCommerce. 0aBusinessxCostsvStatistics. 0aCosts, IndustrialvStatistics. 0aEconomic indicators. 0aCommercial law. 0aComparative economics. 7aElectronic books.2local2 aWorld Bank.2 aInternational Finance Corporation.2 aebrary, Inc.40uhttp://site.ebrary.com/lib/rucke/Doc?id=10252453zAn electronic book accessible through the World Wide Web; click to view c31934d31934